<?xml version="1.0" encoding="UTF-8"?>
<marc:record xmlns:marc="http://www.loc.gov/MARC21/slim">
   <marc:leader>00000nam a2200000 a 4500</marc:leader>
   <marc:datafield ind1="1" ind2=" " tag="100">
      <marc:subfield code="a">Kröger, Franz-Josef</marc:subfield>
      <marc:subfield code="4">ctb</marc:subfield>
      <marc:subfield code="e">Mitwirkende/-r</marc:subfield>
   </marc:datafield>
   <marc:datafield ind1=" " ind2=" " tag="653">
      <marc:subfield code="a">Pabst Franziskus</marc:subfield>
   </marc:datafield>
   <marc:datafield ind1=" " ind2=" " tag="653">
      <marc:subfield code="a">Judentum</marc:subfield>
   </marc:datafield>
   <marc:datafield ind1=" " ind2=" " tag="653">
      <marc:subfield code="a">Christentum</marc:subfield>
   </marc:datafield>
   <marc:datafield ind1=" " ind2=" " tag="653">
      <marc:subfield code="a">Islam</marc:subfield>
   </marc:datafield>
   <marc:datafield ind1=" " ind2=" " tag="653">
      <marc:subfield code="a">Pilger</marc:subfield>
   </marc:datafield>
   <marc:datafield ind1=" " ind2=" " tag="653">
      <marc:subfield code="a">Heiliges Land</marc:subfield>
   </marc:datafield>
   <marc:datafield ind1=" " ind2=" " tag="653">
      <marc:subfield code="a">Konflikt im Nahen Osten</marc:subfield>
   </marc:datafield>
   <marc:datafield ind1=" " ind2=" " tag="653">
      <marc:subfield code="a">Jerusalemer Grabeskirche</marc:subfield>
   </marc:datafield>
   <marc:datafield ind1=" " ind2=" " tag="653">
      <marc:subfield code="a">interreligiöse Gespräche</marc:subfield>
   </marc:datafield>
   <marc:datafield ind1=" " ind2=" " tag="653">
      <marc:subfield code="a">Gebet</marc:subfield>
   </marc:datafield>
   <marc:datafield ind1=" " ind2=" " tag="653">
      <marc:subfield code="a">Softcover / Religion/Theologie</marc:subfield>
   </marc:datafield>
   <marc:datafield ind1="0" ind2="0" tag="245">
      <marc:subfield code="a">Den Kindern erzählt, erklärt</marc:subfield>
   </marc:datafield>
   <marc:datafield ind1=" " ind2="1" tag="264">
      <marc:subfield code="a">Kevelaer</marc:subfield>
      <marc:subfield code="b">Butzon &amp; Bercker</marc:subfield>
      <marc:subfield code="c">2014</marc:subfield>
   </marc:datafield>
   <marc:datafield ind1="1" ind2=" " tag="520">
      <marc:subfield code="a">Angaben aus der Verlagsmeldung

Franziskus im Heiligen Land : Päpste als Botschafter des Friedens: Paul VI. – Johannes Paul II. – Benedikt XVI. – Franziskus / von Matthias Kopp

Was die Reise von Papst Franziskus ins Heilige Land gebracht hat – eine fundierte Analyse

• Franziskus im Brennpunkt der drei großen Weltreligionen Judentum, Christentum und Islam
• Der Papst als Pilger und Politiker
• Das Engagement der Christen im Heiligen Land
• Der Konflikt im Nahen Osten differenziert betrachtet

Mit Geleitwort vom Kardinalstaatssekretär.

Die Reise Papst Franziskus‘ ins Heilige Land hat große Hoffnungen geweckt. Ist es Franziskus gelungen, an die Reisen seiner Vorgänger Paul VI., Johannes Paul II. und Benedikt XVI. anzuknüpfen und neue Perspektiven für die von Krisen geplagte Weltregion zu entwickeln?
Matthias Kopp zeichnet die bisherigen Papstreisen in den Nahen Osten nach und informiert über die Entwicklungen seit dem II. Vatikanischen Konzil. Dabei wird deutlich: Päpstliches Pilgern ist in religiöser wie politischer Hinsicht von enormer Bedeutung.

Matthias Kopp, geb. 1968, Dipl. theol. Lic. Arch. theol., arbeitete fünf Jahre im Vatikan und begleitete die Nahostreisen der Päpste Johannes Paul II. und Benedikt XVI. Seit 2009 Pressesprecher und Leiter der Pressestelle/Öffentlichkeitsarbeit der Deutschen Bischofskonferenz; zahlreiche Veröffentlichungen zu Kirchenthemen, Kommunikation und Medien, Vatikan und Nahost
</marc:subfield>
   </marc:datafield>
   <marc:datafield ind1=" " ind2=" " tag="020">
      <marc:subfield code="a">9783766630131</marc:subfield>
      <marc:subfield code="9">9783766630131</marc:subfield>
   </marc:datafield>
   <marc:datafield ind1=" " ind2=" " tag="041">
      <marc:subfield code="a">ger</marc:subfield>
   </marc:datafield>
   <marc:datafield ind1=" " ind2=" " tag="300">
      <marc:subfield code="a">31 S.</marc:subfield>
   </marc:datafield>
</marc:record>
